The management of aerospace programs ; proceedings /

Bibliographic Details
Corporate Authors: National Conference on the Management of Aerospace Systems University of Missouri, University of Missouri, American Astronautical Society
Other Authors: Johnson, Walter Livezey, 1938-
Format: Conference Proceeding Book
Language:English
Series:AAS science and technology series ; v. 12.
Subjects:

MARC

Tag First Indicator Second Indicator Subfields
LEADER 00000cam a22000001 4500
001 in00000098505
005 20150926125518.0
008 700729s1967 caua b 10000 eng
010 |a  68005836  
035 |a (OCoLC)00433712 
035 |9 AAL3445AM 
040 |a DLC  |c DLC  |d TXA  |d UtOrBLW 
043 |a n-us--- 
049 |a TXAM  |c [520416] 
050 0 0 |a TL789.8.U5  |b N3 1966 
082 0 |a 658/.92/913 
111 2 |a National Conference on the Management of Aerospace Systems  |d (1966 :  |c University of Missouri) 
245 1 4 |a The management of aerospace programs ;  |b proceedings /  |c Edited by Walter L. Johnson. 
264 2 |a Tarzana, Calif. :  |b Distributed by the AAS Publication Office,  |c [1967] 
300 |a xxii, 370 pages :  |b illustrations ;  |c 25 cm. 
336 |a text  |b txt  |2 rdacontent 
337 |a unmediated  |b n  |2 rdamedia 
338 |a volume  |b nc  |2 rdacarrier 
490 1 |a AAS science and technology series,  |v v. 12 
500 |a An American Astronautical Society publication. 
504 |a Includes bibliographies. 
650 0 |a Astronautics  |z United States. 
650 0 |a Systems engineering. 
700 1 |a Johnson, Walter Livezey,  |d 1938- 
710 2 |a University of Missouri. 
710 2 |a American Astronautical Society. 
830 0 |a AAS science and technology series ;  |v v. 12. 
999 |a MARS 
999 f f |s 97a3592f-a686-364d-a3f9-4072e995569b  |i 55bf0420-d7b5-3168-80ef-658cd80902d1  |t 0 
952 f f |p ric  |a Texas A&M University  |b Rellis Campus  |c Joint Library Facility  |d Remote Storage  |t 0  |e TL789.8.U5 N3 1966  |h Library of Congress classification  |i unmediated -- volume  |m A14805556524 
998 f f |a TL789.8.U5 N3 1966  |t 0  |l Remote Storage